| 000 | 00979nas a2200313 4500 | ||
|---|---|---|---|
| 001 | BR2019001907 | ||
| 003 | BR-BrBNA | ||
| 005 | 20231205132008.0 | ||
| 007 | ta | ||
| 008 | 230509b bl.|||p| |||| 00| 00por d | ||
| 040 |
_aBR-BrBNA _bpor _cBiblioteca Nacional de Agricultura |
||
| 041 | _a(Pt) | ||
| 072 | _aF50 | ||
| 100 | 1 | _aSchmidt, D. | |
| 100 | 1 | _aCaron, B.O. | |
| 100 | 1 | _aPilau, J. | |
| 100 | 1 | _aNardino, M. | |
| 100 | 1 | _aElli, E.F. | |
| 245 | 1 | _aMorfoanatomia foliar de azevém no sub-bosque de espécies arbóreas em sistemas agroflorestais | |
| 650 | _aSISTEMA AGROFLORESTAL | ||
| 650 | _aAZEVÉM | ||
| 650 | _aACLIMATAÇÃO | ||
| 650 | _aSOMBREAMENTO | ||
| 650 | _aMORFOLOGIA VEGETAL | ||
| 773 | 0 |
_tRevista Ceres (Brazil) _xISSN 2177-3491 _g(Jul-Aug 2017), v. 64(4) p. 368-375 _wBR2019001907 |
|
| 856 | 4 | 0 | _uhttp://www.scielo.br/pdf/rceres/v64n4/0034-737X-rceres-64-04-00368.pdf |
| 909 |
_a202311 _bLúcia _c55 _dLúcia Elande |
||
| 942 |
_2AGRIS _n0 _cANA |
||
| 999 |
_c257876 _d257876 |
||